02062nam a2200349 a 450000100100000000500170001000800410002704000250006808200210009311000630011424502050017726000440038230000360042650400600046250400320052259000260055465000660058065000420064665100530068865100580074170000480079970000350084770000330088271000940091591000400100995201340104995201340118395201340131795201190145195201250157099900170169500002637120200930024533.0110315s2003 dr ad 001 0 spa d aDO-SdBNPbspacBNPHU a370.97293bR426a1 aRepública Dominicana.bDespacho de la Primera Dama9132710aAmpliando las posibilidades de la juventud :bestrategias educativas para superar la pobreza y la exclusión /cCoordinadora Mercedes Escolar Arévalo ; colaboradores Oscar Amargós, Romain Lardot. aSanto Domingo :bUNESCO,c2003.fBúho a120 p. :bil., tablas ;c29 cm. aIncluye bibliografía y notas al final de capítulos. aBibliografía: p. 115-120. aInventariado, 2018/VM 4aEducaciónxAspectos socialeszRepública Dominicana953399 4aPobrezazRepública Dominicana92079 4aRepública DominicanaxCondiciones Sociales946 4aRepública DominicanaxCondiciones Económicas92811 aEscolar Arévalo, Mercedes,ecoord.9534001 aAmargós, Oscar,ecol.9370771 aLardot, Romain,ecol.9534012 aOrganización de las Naciones Unidas para la Educación, la Ciencia y la Cultura911882 aValidado. Control de la calidad EMS 001054708DSaGRbGRcHDd2011-03-15iLF1l0o370.97293 R426ap26371-30r2020-06-25te. 3w2020-06-25yLFDSZPréstamo en sala 001054708DSaGRbGRcHDd2011-03-15iLF1l0o370.97293 R426ap26371-40r2020-06-25te. 4w2020-06-25yLFDSZPréstamo en sala 001054708DSaGRbGRcHDd2011-03-15iLF1l0o370.97293 R426ap26371-50r2020-06-25te. 5w2020-06-25yLFDSZPréstamo en sala 0010718PDaPDbPDcHDd2011-03-15iLF1l0o370.97293 R426ap26371-10r2020-06-25w2020-06-25yLFPDZNo se presta 0010718PDaPDbPDcHDd2011-03-21iLF1l0o370.97293 R426ap26371-20r2020-06-25te. 2w2020-06-25yLFPDZNo se presta c25863d25863